000 00427nam a2200157Ia 4500
008 240729s9999 xx 000 0 und d
022 _a2685-032X
245 0 _aSouth East Asia Nursing Research
260 _aIndonesia
260 _blppm Universitas Muhammadiyah Semarang
650 _a Nursing
650 _aMedicine
856 _uhttps://doaj.org/toc/9e7d170e7bbc43f180ef170e86abcfff
942 _2ddc
942 _cDOAJEJ
999 _c69994
_d69994
945 _a1
_bMadushi Gamage
_c1
_dMadushi Gamage